Análisis de decisiones de reemplazo de equipos /
Guardado en:
| Autor Corporativo: | |
|---|---|
| Formato: | Libro |
| Idioma: | Spanish English |
| Publicado: |
Buenos Aires :
Ediciones Macchi,
1967.
|
| Series: | Colección Ciencias Económicas. Temas de administración ;
11. |
| Materias: | |
| Etiquetas: |
Agregar Etiqueta
Sin Etiquetas, Sea el primero en etiquetar este registro!
|
| LEADER | 01016nam a22002175 4500 | ||
|---|---|---|---|
| 001 | EAD.ead004134 | ||
| 008 | 080718s1967####ag############000#0#spa#d | ||
| 005 | 20170908182438.0 | ||
| 245 | 1 | 0 | |a Análisis de decisiones de reemplazo de equipos / |c National Association of accountants ; traducción, introducción y péndice por Domingo J. Messuti, Alberto O. López Gaffney. |
| 260 | |a Buenos Aires : |b Ediciones Macchi, |c 1967. | ||
| 300 | |a 101 p. ; |c 20 cm. | ||
| 490 | 1 | |a Colección Ciencias Económicas. Temas de administración | |
| 500 | |a Traducción de: Financial analysis techniques for equipment replacement decisions. | ||
| 110 | 2 | |a National Association of Accountants. | |
| 830 | 0 | |a Colección Ciencias Económicas. |p Temas de administración ; |v 11. | |
| 082 | 0 | 4 | |a 658 |2 21 |
| 650 | 7 | |a Inversiones. |2 unbist | |
| 650 | 7 | |a Análisis de inversiones. |2 unbist | |
| 041 | 1 | |a spa |h eng | |
| 859 | |a AR-BaBDC |b BIB. ADMINISTRACION - Libros |h 658 |i N213 |p b00614 | ||
| 859 | |a AR-BaBDC |b BIB. ADMINISTRACION - Libros |h 658 |i N213 |p b01256 |t Ej.2 | ||
